Comprehensible Viva and Practical Biochemistry (Record no. 153344)

MARC details
000 -LEADER
fixed length control field 00356nam a2200133Ia 4500
008 - FIXED-LENGTH DATA ELEMENTS--GENERAL INFORMATION
fixed length control field 230411s9999 xx 000 0 und d
041 ## - LANGUAGE CODE
Language code of text/sound track or separate title eng
082 ## - DEWEY DECIMAL CLASSIFICATION NUMBER
Classification number B/612.015/DEB/B02116
100 ## - MAIN ENTRY--PERSONAL NAME
Personal name Deb A C
245 ## - TITLE STATEMENT
Title Comprehensible Viva and Practical Biochemistry
260 ## - PUBLICATION, DISTRIBUTION, ETC. (IMPRINT)
Name of publisher, distributor, etc. New Central Book Agency
Place of publication, distribution, etc. Kolkata
Date of publication, distribution, etc. 2000
300 ## - PHYSICAL DESCRIPTION
Extent 92p
Holdings
Withdrawn status Lost status Damaged status Not for loan Collection code Home library Current library Date acquired Vendor Cost, normal purchase price Total Checkouts Full call number Barcode Date last seen Cost, replacement price Bill Date Koha item type Original Barcode
          Smt. Bakul Tambat Institute of Nursing Education Smt. Bakul Tambat Institute of Nursing Education 27/10/2004 Donated 150.00   B 612.015 DEB B02116 BTIN-BK-2116 11/04/2023 150.00 27/10/2004 Books B02116